000 00324nam a22001337a 4500
008 181001b xxu||||| |||| 00| 0 eng d
020 _a9780394565286
041 _aeng
080 _a610
100 _a24
101 _aENC
245 _aThe American Medical Association Encyclopedia
_cClayman.CH.B
942 _2udc
_cBK
999 _c48708
_d48708